000 01295nam a2200433 a 4500
001 21743
003 CZ PrNK
005 20260309112551.0
007 ta
008 081029s2008 xr a a 000 j slo
015 _acnb001824703
020 _a9788025209424
_q(váz.)
035 _a(OCoLC)276817256
040 _aABA001
_bcze
_dOLA001
041 1 _aslo
_heng
072 7 _a821-93
_xLiteratura pro děti a mládež (beletrie)
_2Konspekt
080 _a821-93
_2MRF
080 _a821-32
_2MRF
080 _a(0:82-32)
_2MRF
100 1 _aRoss, Tony,
_d1938-
_4aut
_4ill
245 1 0 _aMalá princezná /
_c[Tony Ross ; preložila Ľubica Svárovská]
250 _a1. vyd.
260 _aV Prahe :
_bEgmont,
_c2008
300 _a[60] s. :
_bbarev. il. ;
_c25 cm
490 1 _aLittle princess
500 _aPřeloženo z angličtiny
500 _aNázev z obálky
505 0 0 _tMôžem si ju nechať? --
_tChcem svoje nové črievičky!
655 7 _apříběhy
_2czenas
655 7 _apublikace pro děti
_2czenas
655 9 _astories
_2eczenas
655 9 _achildren's literature
_2eczenas
765 0 _tCan I keep it?
765 0 _tI want my new shoes!
830 0 _aLittle princess
901 _b9788025209424
_f1. vyd.
_o20081223
910 _aABA001
942 _2ddc
_cKLDE
_n0
999 _c21743
_d21743